NBA First Overall Draft Picks - Statistics

General Stats
  • This quiz has been taken 115 times
  • The average score is 33 of 78
Answer Stats
Year Team Player % Correct
2023 San Antonio Spurs Victor Wembanyama
95%
2019 New Orleans Pelicans Zion Williamson
95%
2020 Minnesota Timberwolves Anthony Edwards
94%
2003 Cleveland Caveliers LeBron James
93%
2021 Detroit Pistons Cade Cunningham
92%
2022 Orlando Magic Paolo Banchero
91%
2011 Cleveland Caveliers Kyrie Irving
85%
2018 Phoenix Suns Deandre Ayton
82%
2008 Chicago Bulls Derrick Rose
80%
1992 Orlando Magic Shaquille O'neal
80%
2016 Philadelphia 76ers Ben Simmons
79%
2009 Los Angeles Clippers Blake Griffin
78%
2015 Minnesota Timberwolves Karl Anthony-Towns
77%
2010 Washington Wizards John Wall
76%
2017 Philadelphia 76ers Markelle Fultz
76%
2024 Atlanta Hawks Zaccharie Risacher
75%
2014 Cleveland Caveliers Andrew Wiggins
74%
2004 Orlando Magic Dwight Howard
72%
1984 Houston Rockets Hakeem Olajuwon
72%
1997 San Antonio Spurs Tim Duncan
72%
2013 Cleveland Caveliers Anthony Bennett
70%
2012 New Orleans Hornets Anthony Davis
70%
1996 Philadelphia 76ers Allen Iverson
68%
2002 Houston Rockets Yao Ming
68%
1979 Los Angeles Lakers Magic Johnson
64%
2007 Portland Trail Blazers Greg Oden
63%
1987 San Antonio Spurs David Robinson
60%
1985 New York Nicks Patrick Ewing
60%
1994 Milwaukee Bucks Glenn Robinson
59%
1969 Milwaukee Bucks Lew Alcindor
57%
1991 Charlotte Hornets Larry Johnson
55%
2005 Milwaukee Bucks Andrew Bogut
53%
2006 Toronto Raptors Andrea Bargnani
47%
2001 Washington Wizards Kwame Brown
47%
1982 Los Angeles Lakers James Worthy
45%
2000 New Jersey Nets Kenyon Martin
45%
1995 Golden State Warriors Joe Smith
43%
1993 Orlando Magic Chris Webber
41%
1999 Chicago Bulls Elton Brand
41%
1972 Portland Trailblazers LaRue Martin
41%
1974 Portland Trailblazers Bill Walton
38%
1983 Houston Rockets Ralph Sampson
37%
1998 Los Angeles Clippers Michael Olowokandi
36%
1971 Cleveland Cavaliers Austin Carr
34%
1986 Cleveland Cavaliers Brad Daugherty
33%
1966 New York Knicks Cazzie Russell
30%
1958 Minneapolis Lakers Elgin Baylor
30%
1981 Dallas Mavericks Mark Aguirre
30%
1975 Atlanta Hawks David Thompson
28%
1990 New Jersey Nets Derrick Coleman
28%
1978 Portland Trailblazers Mychal Thompson
28%
1970 Detroit Pistons Bob Lanier
24%
1968 San Diego Rockets Elvin Hayes
23%
1989 Sacramento Kings Pervis Ellison
23%
1988 Los Angeles Clippers Danny Manning
21%
1967 Detroit Pistons Jimmy Walker
16%
1956 Rochester Royals Sihugo Green
11%
1977 Milwaukee Bucks Kent Benson
10%
1961 Chicago Packers Walt Bellamy
10%
1959 Cincinnati Royals Bob Boozer
9%
1973 Philadelphia 76ers Doug Collins
9%
1980 Golden State Warriors Joe Barry Caroll
9%
1976 Houston Rockets John Lucas
7%
1948 Providence Steamrollers Andy Tonkovich
5%
1963 New York Knicks Art Heyman
5%
1962 Chicago Zephyrs Bill McGill
5%
1950 Boston Celtics Charlie Share
5%
1965 San Francisco Warriors Fred Hetzel
5%
1964 New York Knicks Jim Barnes
5%
1953 Baltimore Bullets Ray Felix
5%
1957 Cincinnati Royals Rod Hundley
5%
1947 Pittsburgh Ironmen Clifton McNeely
3%
1955 Milwaukee Hawks Dick Ricketts
3%
1954 Baltimore Bullets Frank Selvy
3%
1951 Baltimore Bullets Gene Melchiorre
3%
1949 Providence Steamrollers Howie Shannon
3%
1952 Milwaukee Hawks Mark Workman
3%
1960 Cincinnati Royals Ocsar Robertson
0%
No matching quizzes found
Score Distribution
Percent of People with Each Score
Percentile by Number Answered
Your Score History
You have not taken this quiz